Music Quiz

Random Music or Album Quiz

Hilary Duff Albums Quiz Stats

 Plays Quiz not verified by Sporcle

Challenge
Share
Tweet
Embed
Score 0/5 Timer 05:00
0 Plays Today
Year Album Title % Correct
2003Metamorphosis
96.7%
2004Hilary Duff
96.7%
2007Dignity
93.3%
2015Breathe In. Breathe Out.
76.7%
2002Santa Claus Lane
70%

You're not logged in!

Compare scores with friends on all Sporcle quizzes.
OR
Log In

You Might Also Like...

Show Comments

Extras

Created Jun 17, 2015ReportNominate
Tags:Album Quiz, duff, hilary, released, studio

Top Quizzes Today


Score Distribution

Your Account Isn't Verified!

In order to create a playlist on Sporcle, you need to verify the email address you used during registration. Go to your Sporcle Settings to finish the process.

Report this User

Report this user for behavior that violates our Community Guidelines.

Details: